000 00445nam a2200157Ia 4500
008 220216s9999 xx 000 0 und d
100 _aGloaguen J M
_cet al
245 0 _aPlasticity of rubber-toughened poly(methyl methacrylate): Effect of rubber particle size
260 _bPolymer
_c1992
300 _a4741-4746
650 _aparticle size
650 _aParticle size
650 _aPlasticity
650 _aRubber toughening
942 _cJS
999 _c65189
_d65189